History Quiz

Random History or Country Quiz

Independence From... Quiz Stats

 Plays Quiz not verified by Sporcle

Challenge
Share
Tweet
Embed
Score 0/160 Timer 15:00
0 Plays Today
Present-Day Country Independence From... % Correct
IndiaUnited Kingdom
89.1%
MexicoSpain
89.1%
CanadaUnited Kingdom
89.1%
IrelandUnited Kingdom
87.7%
Côte D'IvoireFrance
87%
ZimbabweUnited Kingdom
87%
ChileSpain
87%
KazakhstanSoviet Union
86.2%
LatviaSoviet Union
86.2%
ArgentinaSpain
86.2%
TanzaniaUnited Kingdom
86.2%
NauruUnited Kingdom
86.2%
New ZealandUnited Kingdom
86.2%
AustraliaUnited Kingdom
86.2%
QatarUnited Kingdom
85.5%
TajikistanSoviet Union
85.5%
BahamasUnited Kingdom
85.5%
EcuadorSpain
85.5%
United States of AmericaUnited Kingdom
85.5%
Solomon IslandsUnited Kingdom
85.5%
BrazilPortugal
85.5%
MongoliaChina
85.5%
NigeriaUnited Kingdom
84.8%
United Arab EmiratesUnited Kingdom
84.8%
PeruSpain
84.8%
UzbekistanSoviet Union
84.8%
UkraineSoviet Union
84.8%
LithuaniaSoviet Union
84.8%
SomaliaItaly/United Kingdom
84.8%
CubaSpain
84.8%
TaiwanChina
84.8%
GuyanaUnited Kingdom
84.1%
JamaicaUnited Kingdom
84.1%
South AfricaUnited Kingdom
84.1%
EgyptUnited Kingdom
84.1%
VenezuelaSpain
84.1%
PakistanUnited Kingdom
84.1%
MaldivesUnited Kingdom
84.1%
NicaraguaSpain
84.1%
BoliviaSpain
84.1%
ColombiaSpain
84.1%
Trinidad and TobagoUnited Kingdom
84.1%
HaitiFrance
84.1%
BotswanaUnited Kingdom
84.1%
Saint Vincent and the GrenadinesUnited Kingdom
84.1%
Saint LuciaUnited Kingdom
84.1%
Saint Kitts and NevisUnited Kingdom
84.1%
FijiUnited Kingdom
84.1%
AfghanistanUnited Kingdom
84.1%
GhanaUnited Kingdom
83.3%
VietnamFrance/Japan
83.3%
KyrgyzstanSoviet Union
83.3%
TurkmenistanSoviet Union
83.3%
EstoniaSoviet Union
83.3%
Present-Day Country Independence From... % Correct
BelizeUnited Kingdom
83.3%
Antigua and BarbudaUnited Kingdom
83.3%
MauritiusUnited Kingdom
83.3%
ParaguaySpain
83.3%
Costa RicaSpain
83.3%
Dominican RepublicSpain
83.3%
Sri LankaUnited Kingdom
83.3%
IraqUnited KIngdom
83.3%
GuatemalaSpain
83.3%
MalaysiaUnited Kingdom
83.3%
Bosnia and HerzegovinaYugoslavia
83.3%
MoroccoFrance/Spain
82.6%
MadagascarFrance
82.6%
YemenUnited Kingdom
82.6%
GeorgiaSoviet Union
82.6%
SudanEgypt/United Kingdom
82.6%
GambiaUnited Kingdom
82.6%
KenyaUnited Kingdom
82.6%
LesothoUnited Kingdom
82.6%
El SalvadorSpain
82.6%
SloveniaYugoslavia
82.6%
TongaUnited Kingdom
82.6%
VanuatuFrance/United Kingdom
82.6%
UgandaUnited Kingdom
82.6%
KiribatiUnited Kingdom
82.6%
TuvaluUnited Kingdom
82.6%
BruneiUnited Kingdom
82.6%
IsraelUnited Kingdom
82.6%
CyprusUnited Kingdom
82.6%
Burkina FasoFrance
81.9%
NigerFrance
81.9%
ChadFrance
81.9%
CameroonFrance
81.9%
HondurasSpain
81.9%
MaltaUnited Kingdom
81.9%
BarbadosUnited Kingdom
81.9%
GrenadaUnited Kingdom
81.9%
DjiboutiFrance
81.9%
BelarusSoviet Union
81.9%
ArmeniaSoviet Union
81.2%
TogoFrance
81.2%
Sierra LeoneUnited Kingdom
81.2%
SwazilandUnited Kingdom
81.2%
IcelandDenmark
81.2%
SeychellesUnited KIngdom
81.2%
South SudanSudan
81.2%
Saudi ArabiaUnited Kingdom
81.2%
SenegalFrance
80.4%
TunisiaFrance
80.4%
GabonFrance
80.4%
JordanUnited Kingdom
80.4%
AzerbaijanSoviet Union
80.4%
ZambiaUnited Kingdom
80.4%
MalawiUnited Kingdom
80.4%
Present-Day Country Independence From... % Correct
CroatiaYugoslavia
80.4%
AlgeriaFrance
79.7%
LaosFrance
79.7%
GuineaFrance
79.7%
DominicaUnited Kingdom
79.7%
CambodiaFrance
79%
MyanmarUnited Kingdom
79%
São Tomé and PríncipePortugal
79%
UruguayBrazil
79%
PhilippinesUnited States of America
78.3%
MaliFrance
78.3%
Democratic Republic of the CongoBelgium
78.3%
Central African RepublicFrance
78.3%
MacedoniaYugoslavia
78.3%
Marshall IslandsUnited States of America
78.3%
BeninFrance
77.5%
AngolaPortugal
77.5%
FinlandRussia
77.5%
MontenegroSerbia
77.5%
KosovoSerbia
77.5%
MauritaniaFrance
76.8%
MoldovaSoviet Union
76.8%
Cape VerdePortugal
76.8%
KuwaitIraq
76.8%
IndonesiaNetherlands
76.1%
MozambiquePortugal
76.1%
LiberiaUnited States of America
76.1%
Republic of the CongoFrance
75.4%
ComorosFrance
75.4%
MicronesiaUnited States of America
74.6%
SyriaFrance
73.9%
Guinea-BissauPortugal
73.9%
EritreaEthiopia
73.9%
BulgariaOttoman Empire
73.9%
LebanonFrance
73.2%
SingaporeMalaysia
73.2%
BangladeshPakistan
72.5%
Equatorial GuineaSpain
71.7%
SurinameNetherlands
71%
NamibiaSouth Africa
71%
RomaniaOttoman Empire
70.3%
AlbaniaOttoman Empire
69.6%
SerbiaOttoman Empire
68.8%
Papua New GuineaAustralia
68.8%
LibyaItaly
68.1%
PanamaColombia
68.1%
RwandaBelgium
66.7%
Timor-LestePortugal
63.8%
BurundiBelgium
63.8%
SamoaNew Zealand
54.3%
BahrainIran
42%
OmanPortugal
34.8%

You're not logged in!

Compare scores with friends on all Sporcle quizzes.
OR
Log In

You Might Also Like...

Show Comments

Extras

Top Quizzes Today


Score Distribution

Your Account Isn't Verified!

In order to create a playlist on Sporcle, you need to verify the email address you used during registration. Go to your Sporcle Settings to finish the process.

Report this User

Report this user for behavior that violates our Community Guidelines.

Details: